| 000 | 00824cam a2200205 4500 | ||
|---|---|---|---|
| 001 | WB3738-20 | ||
| 008 | 011009n2001 000 0 eng u | ||
| 035 | _a(Sirsi) u115038 | ||
| 245 | _aAct now | ||
| 260 | _c2001 | ||
| 490 |
_aCSM (Chartered Surveyor Monthly) _v5 October 2001, 5(1) |
||
| 520 | _aTo retain alternative chartered designations, chartered surveyors must have joined and maintained membership of the designated successor faculty by 31 December 2001. From 2002, using chartered designations will involve obtaining an approved professional qualification. Details of the designations involved and faculty to join. | ||
| 590 | _aWB | ||
| 650 | _aCHARTERED ALTERNATIVE DESIGNATIONS | ||
| 650 | _aRICS | ||
| 650 | _aABOUT RICS-RICS MEMBERS | ||
| 650 | _aFACULTIES | ||
| 690 | _aRICS NEWS | ||
| 942 | _n0 | ||
| 999 |
_c68516 _d68516 |
||